000 00843cam a22002771a 4500
001 agr60000375
003 DLC
005 20260227111020.0
008 860219s1960 dcuab f000 0 eng c
010 _aagr60000375
035 _a(OCoLC)13168754
040 _aU.S. Dept. of Agr. Libr.
_cNhD
_dDNAL
_dDLC
042 _apremarc
043 _au-at---
050 0 0 _aS21
_b.S2383 no. 97
070 0 _aA281.9
_bF76Fm no.97
072 0 _aF110
100 1 _aDe Goede, Cornelis,
_d1921-
245 1 4 _aThe dried prune industry of Australia /
_cby Cornelis De Goede.
260 _a[Washington, D.C.] :
_bForeign Agricultural Service, U.S. Dept. of Agriculture,
_c1960.
300 _aiv, 12 p. :
_bill., 1 map ;
_c26 cm.
490 1 _aFAS-M ;
_v97
500 _aCaption title.
650 0 _aPrune industry
_zAustralia.
830 0 _aFAS M. ;
_v97.
999 _c11742
_d11742